| 000 | 00791nam a22002177a 4500 | ||
|---|---|---|---|
| 999 |
_c13200 _d13200 |
||
| 003 | MIRAKIL | ||
| 005 | 20200921115906.0 | ||
| 008 | 190425b tu ||||| |||| 00| 0 tur d | ||
| 020 | _a9786050950960 | ||
| 040 |
_aTR-AnCHP _cTR-AnCHP |
||
| 041 | _atur | ||
| 082 |
_a923.2 Ecevit,B. _bÇ37e 2018 |
||
| 100 | _aÇetingüleç, Mehmet | ||
| 245 |
_aEcevit'in anıları _b12 yıl saklı tutulan ''veda'' sohbetleri / _cMehmet Çetingüleç. |
||
| 260 |
_aİstanbul : _bDoğan Kitap, _c2018. |
||
| 300 |
_a205 s. _bfotğ. ; _c20 sm. |
||
| 600 |
_aEcevit, Bülent _cTürkiye Cumhuriyeti Başbakanı _d1925-2006 _xAnılar |
||
| 600 |
_aEcevit, Bülent _cTürkiye Cumhuriyeti Başbakanı _xYaşamöyküsü _d1925-2006 |
||
| 650 | 0 |
_aSiyasetçiler _xYaşamöyküsü _zTürkiye _95055 |
|
| 942 |
_2ddc _cBKS |
||